| 000 | 00551nam a22001817a 4500 | ||
|---|---|---|---|
| 005 | 20221102141540.0 | ||
| 008 | 221102b ||||| |||| 00| 0 eng d | ||
| 040 | _cAL | ||
| 041 | _aEnglish | ||
| 082 |
_223 _a364.1323 _bLOKR |
||
| 100 |
_aLokayukta of Karnataka _960770 |
||
| 245 | _aRelentless fight against corruption Vol 5 | ||
| 260 |
_aBangalore _bStationery and Publication _c2006 |
||
| 300 |
_a204 p. _bPB _c29x21 cm. |
||
| 650 |
_arelentless efforts for Suo-moto powers _960771 |
||
| 700 |
_aLOKAYUKTA OF KARNATAKA _960772 |
||
| 942 |
_2ddc _cGF |
||
| 999 |
_c224980 _d224980 |
||